Logos des clubs de football par lettre - I, J - Statistiques

Statistiques générales
  • Ce quiz a été pris 59 fois
  • Le résultat moyen est 6 sur 16
Statistiques - réponses
Par images Réponse % Correct
Juventus
100%
Inter Milan
97%
Inter Miami
91%
Ipswich Town
76%
Istanbul Başakşehir
55%
Independiente
41%
Internacional
31%
Jagiellonia
21%
Jeonbuk Hyundai Motors
10%
Juventude
10%
Jablonec
9%
Incheon United
5%
Jaguares FC
3%
Juve Stabia
3%
Júbilo Iwata
2%
Instituto de Córdoba
0%
Aucun quiz correspondant
Distribution des résultats
% des personnes avec chaque résultat
Percentile par nombre de réponses
Votre historique - résultats
Vous n’avez pas pris ce quiz